Statistics for Quiz- Youngest countries in the world

Click here to take the quiz!

General Stats

  • This quiz has been taken 35 times
  • The average score is 7 of 10

Answer Stats

HintAnswer% Correct
2011South Sudan
100%
2008Kosovo (still awaiting full regognition)
94%
2006Serbia
84%
2006Montenegro
81%
1992Bosnia and Herzegovina
71%
1993Czech Republic
65%
1993Slovakia
65%
2002East Timor
58%
1994Palau
48%
1993Eritrea
42%

Score Distribution

Percentile by Number Answered

Percent of People with Each Score

Your Score History

You have not taken this quiz